Normal view
MARC view
- haspelmath,Martin تأليف/D.Sims,Andrea تأليف
Entry Personal Name
001 - CONTROL NUMBER
- control field: 1561
003 - CONTROL NUMBER IDENTIFIER
- control field: JO-AjAnu
005 - DATE AND TIME OF LATEST TRANSACTION
- control field: 20230606070547.0
008 - FIXED-LENGTH DATA ELEMENTS
- fixed length control field: 230606|| aca||aabn | a|a d
040 ## - CATALOGING SOURCE
- Original cataloging agency: JO-AjAnu
- Transcribing agency: JO-AjAnu
100 ## - HEADING--PERSONAL NAME
- Personal name: haspelmath,Martin تأليف/D.Sims,Andrea تأليف
670 ## - SOURCE DATA FOUND
- Source citation: Work cat.: (JO-AjAnu)820: haspelmath,Martin تأليف/D.Sims,Andrea تأليف, author, Anderstanding Morphology:Anderstanding Language Series